000 00473nam a22001577a 4500
005 20251108170904.0
008 250721s1998 xx 000 0 ara d
082 1 4 _a818/حمو
100 1 _aحمور، عرفان
245 1 0 _aالمرأة و الجمال و الحب في لغة العرب /
264 1 _aبيروت :
_bمؤسسة الرحاب الحديثة،
_c1998.
300 _a192ص.
650 1 7 _aالأدب العربي
942 _2ddc
_cBK
999 _c51405
_d51405